The Scottish pistol : its history, manufacture and design /

Bibliographic Details
Main Author: Kelvin, Martin
Format: Book
Language:English
Published: London : Madison [N.J.] : Cygnus Arts ; Fairleigh Dickinson University Press, 1996.
Subjects:

MARC

Tag First Indicator Second Indicator Subfields
LEADER 00000cam a2200000 a 4500
001 in00001352321
005 20151006061619.0
008 960819s1996 njua b 001 0 eng
010 |a  96042417  
020 |a 0838637450 (alk. paper) 
035 |a (OCoLC)35293026 
035 |9 AHG4639AM 
040 |a DLC  |c DLC  |d YDX  |d TXA  |d UtOrBLW 
043 |a e-uk-st 
049 |a TXAM 
050 0 0 |a TS537  |b .K44 1996 
082 0 0 |a 683.4/32/09411  |2 20 
100 1 |a Kelvin, Martin. 
245 1 4 |a The Scottish pistol :  |b its history, manufacture and design /  |c Martin Kelvin. 
264 1 |a London :  |b Cygnus Arts ;  |a Madison [N.J.] :  |b Fairleigh Dickinson University Press,  |c 1996. 
300 |a xv, 238 pages :  |b illustrations (some color) ;  |c 27 cm. 
336 |a text  |b txt  |2 rdacontent 
337 |a unmediated  |b n  |2 rdamedia 
338 |a volume  |b nc  |2 rdacarrier 
504 |a Includes bibliographical references (pages [227]-[234]) and index. 
650 0 |a Pistols  |z Scotland. 
999 |a MARS 
999 f f |s 9071b223-6e90-3c32-8f64-fe5393574e26  |i fcbdc530-4ea4-3382-aabf-4c14844d4f3b  |t 0 
952 f f |p ric  |a Texas A&M University  |b Rellis Campus  |c Joint Library Facility  |d Remote Storage  |t 0  |e TS537 .K44 1996  |h Library of Congress classification  |i unmediated -- volume  |m A14821060038 
998 f f |a TS537 .K44 1996  |t 0  |l Remote Storage